| 000 | 01289nam a22003377a 4500 | ||
|---|---|---|---|
| 001 | 1686248 | ||
| 003 | OSt | ||
| 005 | 20210423062142.0 | ||
| 008 | 990429s2000 mau b 001 0 eng | ||
| 010 | _a 99031784 | ||
| 020 | _a0073039373 | ||
| 040 |
_aDLC _cDLC _dDLC |
||
| 042 | _apcc | ||
| 050 | 0 | 0 |
_aHF5657.4 _b.Z55 2000 |
| 080 |
_a336 _bZ-68 |
||
| 082 | 0 | 0 |
_a658.15/11 _221 |
| 100 | 1 |
_aZimmerman, Jerold L., _d1947- |
|
| 245 | 1 | 0 |
_aAccounting for decision making and control / _cJerold L. Zimmerman. |
| 250 | _a3rd ed. | ||
| 260 |
_aBoston : _bIrwin/McGraw-Hill, _cc2000. |
||
| 300 |
_axxi, 730 p. ; _c26 cm. |
||
| 504 | _aIncludes bibliographical references and index. | ||
| 650 | 0 | _aManagerial accounting. | |
| 653 | _aფინანსები | ||
| 856 | 4 | 2 |
_3Publisher description _uhttp://www.loc.gov/catdir/description/mh023/99031784.html |
| 856 | 4 | 1 |
_3Table of contents _uhttp://www.loc.gov/catdir/toc/mh023/99031784.html |
| 856 | 4 | 2 |
_3Contributor biographical information _uhttp://www.loc.gov/catdir/enhancements/fy0707/99031784-b.html |
| 906 |
_a7 _bcbc _corignew _d1 _eocip _f19 _gy-gencatlg |
||
| 942 |
_2udc _cBK |
||
| 999 |
_c1580 _d1580 |
||